000 00384nam a22001337a 4500
020 _a8184350325
082 _223rd.ed.
_a025.042 GOD
100 _aGodia, Kundan
245 _aAccess and the changing trends in libraries
_cKundan Godia
260 _aNew Delhi
_bAdhyayan Publishers & Distributors
_c2007
300 _aix, 245p.
_c22cm.
650 _aLibraries
650 _aLibrary trends
999 _c155247
_d155247